[Event "Tartu Rapid op"]
[Site "Tartu"]
[Date "2025.04.24"]
[Round "6"]
[White "Motylev, Alexander"]
[Black "Meskovs, Nikita"]
[Result "1/2-1/2"]
[WhiteElo "2595"]
[BlackElo "2539"]
[PlyCount "75"]
[EventDate "2025.04.24"]
[EventType "swiss (rapid)"]
[EventRounds "11"]
[EventCountry "EST"]
[SourceTitle "CB20_2025"]
[SourceDate "2025.05.14"]
[SourceVersion "1"]
[SourceVersionDate "2025.05.14"]
[SourceQuality "1"]

1. d4 Nf6 2. g3 d5 3. Nf3 e6 4. Bg2 Be7 5. 0-0 0-0 6. c4 dxc4 7. Qa4 a6 8. Qxc4 b5 9. Qc2 Bb7 10. Bd2 Be4 11. Qc1 c6 12. e3 Nbd7 13. Nc3 Bg6 14. Nh4 Rc8 15. Nxg6 hxg6 16. a4 c5 17. axb5 cxd4 18. exd4 axb5 19. Qe1 b4 20. Na2 b3 21. Nb4 Nb8 22. Qe3 Qb6 23. Qxb3 Rfd8 24. Bc3 Bxb4 25. Qxb4 Qxb4 26. Bxb4 Rxd4 27. Bc3 Rdc4 28. Bb7 R8c7 29. Bf3 Nbd7 30. Rfd1 Rc8 31. Ra7 Nb6 32. Bxf6 gxf6 33. Rb7 Rb4 34. Rd6 Nc4 35. Rxe6 Rxb7 36. Bxb7 Rb8 37. Re7 Nd6 38. Bc6 1/2-1/2

[Event "Tartu Rapid op"]
[Site "Tartu"]
[Date "2025.04.24"]
[Round "2"]
[White "Motylev, Alexander"]
[Black "Shvyrjov, Igor"]
[Result "1-0"]
[WhiteElo "2595"]
[BlackElo "2308"]
[PlyCount "81"]
[EventDate "2025.04.24"]
[EventType "swiss (rapid)"]
[EventRounds "11"]
[EventCountry "EST"]
[SourceTitle "CB20_2025"]
[SourceDate "2025.05.14"]
[SourceVersion "1"]
[SourceVersionDate "2025.05.14"]
[SourceQuality "1"]

1. Nf3 g6 2. g3 Bg7 3. Bg2 Nf6 4. 0-0 0-0 5. d4 d6 6. Nc3 c6 7. e4 Bg4 8. h3 Bxf3 9. Qxf3 Nbd7 10. Be3 a5 11. a4 Re8 12. Rfd1 Qc7 13. Qe2 e5 14. d5 Rac8 15. Rac1 cxd5 16. Nxd5 Nxd5 17. Rxd5 h5 18. Qb5 b6 19. Rcd1 Bf8 20. c3 Nc5 21. h4 Qc6 22. Qxc6 Rxc6 23. Bf1 Nxe4 24. Bb5 Rec8 25. Bxc6 Rxc6 26. Rb5 Nc5 27. Bxc5 dxc5 28. Rd8 Kg7 29. Rb8 Rd6 30. R8xb6 Rd1+ 31. Kg2 e4 32. Rxa5 Rd2 33. Kf1 c4 34. Ke1 e3 35. fxe3 Rg2 36. Re5 Rxg3 37. a5 f6 38. Rb7+ Kh6 39. Re8 g5 40. Rxf8 gxh4 41. Rh8+ 1-0

[Event "Tartu Rapid op"]
[Site "Tartu"]
[Date "2025.04.24"]
[Round "4"]
[White "Motylev, Alexander"]
[Black "Valgmae, Toomas"]
[Result "1-0"]
[WhiteElo "2595"]
[BlackElo "2270"]
[PlyCount "85"]
[EventDate "2025.04.24"]
[EventType "swiss (rapid)"]
[EventRounds "11"]
[EventCountry "EST"]
[SourceTitle "CB20_2025"]
[SourceDate "2025.05.14"]
[SourceVersion "1"]
[SourceVersionDate "2025.05.14"]
[SourceQuality "1"]

1. Nf3 d5 2. g3 c6 3. Bg2 Nf6 4. 0-0 Bg4 5. c4 e6 6. h3 Bh5 7. Qb3 Qb6 8. Qc2 Nbd7 9. d3 Be7 10. b3 0-0 11. Bb2 a5 12. Nc3 Rfd8 13. Rab1 Rac8 14. a3 Qa7 15. Rfc1 d4 16. Na4 e5 17. c5 Nd5 18. Nd2 Bxe2 19. Nf3 Bxf3 20. Bxf3 Bg5 21. Re1 Re8 22. h4 Bh6 23. Bg4 Rcd8 24. Re2 g6 25. Rbe1 f5 26. Bh3 Kf7 27. Qc4 Kf8 28. Bg2 N5f6 29. f4 exf4 30. Rxe8+ Rxe8 31. Rxe8+ Kxe8 32. Qe6+ Kf8 33. Nb6 fxg3 34. Bxd4 Qb8 35. Bxf6 Nxf6 36. Qxf6+ Kg8 37. Qe6+ Kh8 38. Nd7 Qd8 39. d4 Bg7 40. Qd6 Qe8 41. Ne5 f4 42. Bf3 Qg8 43. d5 1-0

[Event "Tartu Rapid op"]
[Site "Tartu"]
[Date "2025.04.24"]
[Round "9"]
[White "Rychagov, Nikita1"]
[Black "Motylev, Alexander"]
[Result "0-1"]
[WhiteElo "2231"]
[BlackElo "2595"]
[PlyCount "76"]
[EventDate "2025.04.24"]
[EventType "swiss (rapid)"]
[EventRounds "11"]
[EventCountry "EST"]
[SourceTitle "CB20_2025"]
[SourceDate "2025.05.14"]
[SourceVersion "1"]
[SourceVersionDate "2025.05.14"]
[SourceQuality "1"]

1. e4 c5 2. Nf3 Nc6 3. Bb5 d6 4. 0-0 Bd7 5. Re1 a6 6. Bf1 e5 7. c3 Be7 8. d4 cxd4 9. cxd4 Bg4 10. d5 Nd4 11. Nbd2 Rc8 12. Bd3 Nf6 13. Qa4+ b5 14. Qxa6 Ra8 15. Qb7 Rb8 16. Qa7 Ra8 17. Qb7 0-0 18. Nxd4 exd4 19. Qxb5 Nd7 20. Nb3 Ne5 21. Bf1 d3 22. Nd4 Rb8 23. Qa4 Bg5 24. f4 Qb6 25. fxg5 Ra8 26. Qb3 Qxd4+ 27. Be3 Qxe4 28. Bf2 Qg6 29. Qc3 Rfc8 30. Qd4 Rc4 31. Qe3 Rc2 32. h3 d2 33. hxg4 dxe1Q 34. Rxe1 Rxb2 35. Rc1 h6 36. gxh6 Nxg4 37. h7+ Qxh7 38. Qa7 Qh2# 0-1

[Event "Tartu Rapid op"]
[Site "Tartu"]
[Date "2025.04.24"]
[Round "11"]
[White "Stremavicius, Titas"]
[Black "Motylev, Alexander"]
[Result "1-0"]
[WhiteElo "2544"]
[BlackElo "2595"]
[PlyCount "102"]
[EventDate "2025.04.24"]
[EventType "swiss (rapid)"]
[EventRounds "11"]
[EventCountry "EST"]
[SourceTitle "CB20_2025"]
[SourceDate "2025.05.14"]
[SourceVersion "1"]
[SourceVersionDate "2025.05.14"]
[SourceQuality "1"]

1. Nf3 d5 2. g3 Nf6 3. Bg2 e6 4. 0-0 Bd6 5. d4 0-0 6. c4 Nbd7 7. b3 c6 8. Bb2 b6 9. Nc3 Bb7 10. Nd2 Re8 11. e4 dxe4 12. Ndxe4 Bf8 13. Qc2 Qc7 14. Rad1 Rad8 15. h4 a6 16. Bc1 c5 17. Bf4 Qc8 18. d5 exd5 19. cxd5 h6 20. Bh3 Qa8 21. Nxf6+ Nxf6 22. Bc7 Rxd5 23. Nxd5 Nxd5 24. Bf4 Nxf4 25. gxf4 Qb8 26. Rfe1 Rxe1+ 27. Rxe1 Qxf4 28. Qf5 Qxh4 29. Re3 Qd4 30. Qd7 Qxd7 31. Bxd7 b5 32. Re8 c4 33. bxc4 bxc4 34. Bf5 g6 35. Be4 Bxe4 36. Rxe4 c3 37. Rc4 Bg7 38. a4 a5 39. Rc5 Bd4 40. Rxa5 Kg7 41. Ra6 Bc5 42. Rc6 Bb4 43. Kf1 h5 44. Ke2 g5 45. Rc4 Ba5 46. Rc5 Bd8 47. a5 h4 48. a6 Bb6 49. Rxc3 g4 50. Rc4 g3 51. Rxh4 Bxf2 1-0

[Event "Asnieres sur Seine Trophy Dalkia"]
[Site "Asnieres sur Seine"]
[Date "2025.04.19"]
[Round "2"]
[White "Motylev, Alexander"]
[Black "Droin, Augustin"]
[Result "1/2-1/2"]
[WhiteElo "2591"]
[BlackElo "2467"]
[PlyCount "55"]
[EventDate "2025.04.18"]
[EventType "tourn"]
[EventRounds "9"]
[EventCountry "FRA"]
[EventCategory "9"]
[SourceTitle "CB18_2025"]
[SourceDate "2025.04.30"]
[SourceVersion "1"]
[SourceVersionDate "2025.04.30"]
[SourceQuality "1"]

1. Nf3 Nf6 2. g3 d5 3. Bg2 Nbd7 4. d4 Nb6 5. a4 a5 6. b3 h6 7. 0-0 Bf5 8. Ba3 e6 9. Bxf8 Kxf8 10. c4 g5 11. Nc3 Kg7 12. Ne5 Rf8 13. e3 c6 14. Qe2 Nfd7 15. Nxd7 Nxd7 16. Rfd1 Nf6 17. Qb2 Qe7 18. Rac1 Rfb8 19. Re1 Rd8 20. Nb1 Kg8 21. Nd2 Rd7 22. f3 Bg6 23. f4 g4 24. h3 h5 25. hxg4 hxg4 26. Kf2 Kg7 27. Rh1 Rdd8 28. Qc3 1/2-1/2

[Event "ISR-chT"]
[Site "Israel"]
[Date "2025.02.28"]
[Round "9.1"]
[White "Motylev, Alexander"]
[Black "Rozentalis, Eduardas"]
[Result "1/2-1/2"]
[WhiteElo "2603"]
[BlackElo "2484"]
[PlyCount "98"]
[EventDate "2025.01.08"]
[EventType "team-tourn"]
[EventRounds "11"]
[EventCountry "ISR"]
[SourceTitle "CB12_2025"]
[SourceDate "2025.03.19"]
[SourceVersion "1"]
[SourceVersionDate "2025.03.19"]
[SourceQuality "1"]
[WhiteTeam "Rishon Le iZion II"]
[BlackTeam "Kfar Saba II"]
[WhiteTeamCountry "ISR"]
[BlackTeamCountry "ISR"]

1. e4 Nf6 2. e5 Nd5 3. d4 d6 4. c4 Nb6 5. exd6 cxd6 6. Nf3 Bg4 7. Be2 g6 8. Nbd2 Bg7 9. h3 Bf5 10. Nf1 Be4 11. N1d2 Bf5 12. 0-0 0-0 13. Re1 Nc6 14. Nf1 Be4 15. Ng5 Bf5 16. Nf3 Be4 17. N1h2 Rc8 18. Bf4 d5 19. c5 Nd7 20. Rc1 e5 21. dxe5 Ndxe5 22. Nxe5 Nxe5 23. b4 Re8 24. Bb5 Nc6 25. Qd2 h5 26. Nf1 d4 27. Bc4 h4 28. Nh2 Bf5 29. Nf3 Re7 30. Rxe7 Qxe7 31. Re1 Be6 32. Nxh4 Bxc4 33. Rxe7 Nxe7 34. Nf3 Nc6 35. Bh6 Bh8 36. Qf4 a6 37. Bg5 Bd5 38. Nd2 Nxb4 39. Bf6 Bxf6 40. Qxf6 Nc6 41. Qd6 Bxa2 42. Qd7 Rb8 43. Ne4 a5 44. h4 a4 45. Qh3 Be6 46. Qa3 Ra8 47. f3 Bf5 48. Nd6 Be6 49. Kf2 Bb3 1/2-1/2

[Event "ISR-chT"]
[Site "Israel"]
[Date "2025.01.17"]
[Round "3.2"]
[White "Boruchovsky, Avital"]
[Black "Motylev, Alexander"]
[Result "0-1"]
[WhiteElo "2522"]
[BlackElo "2603"]
[PlyCount "64"]
[EventDate "2025.01.08"]
[EventType "team-tourn"]
[EventRounds "11"]
[EventCountry "ISR"]
[SourceTitle "CB08_2025"]
[SourceDate "2025.02.19"]
[SourceVersion "1"]
[SourceVersionDate "2025.02.19"]
[SourceQuality "1"]
[WhiteTeam "Kfar Saba"]
[BlackTeam "Rishon Le iZion II"]
[WhiteTeamCountry "ISR"]
[BlackTeamCountry "ISR"]

1. Nf3 d5 2. g3 c5 3. Bg2 Nf6 4. 0-0 g6 5. c4 Bg7 6. d4 cxd4 7. cxd5 Nxd5 8. Nxd4 0-0 9. Nc3 Nb6 10. e3 Nc6 11. Nxc6 bxc6 12. Qc2 Nd5 13. Nxd5 cxd5 14. Rd1 Be6 15. e4 d4 16. Bf4 Qb6 17. Rd2 Rac8 18. Qa4 Rfd8 19. Qa3 Rc5 20. Rad1 Bg4 21. f3 Bd7 22. Rd3 Bb5 23. R3d2 e5 24. Bg5 f6 25. Be3 Bf8 26. Bf2 Kg7 27. b4 Rc4 28. Rb2 Rdc8 29. Rb3 Rc2 30. Bf1 Rxf2 31. Bxb5 Qxb5 32. Qxa7+ Kg8 0-1

[Event "EU-ch Blitz"]
[Site "Skopje"]
[Date "2024.12.09"]
[Round "5"]
[White "Domingo Nunez, Ruben"]
[Black "Motylev, Alexander"]
[Result "1-0"]
[WhiteElo "2409"]
[BlackElo "2596"]
[PlyCount "61"]
[EventDate "2024.12.09"]
[EventType "swiss (blitz)"]
[EventRounds "13"]
[EventCountry "MKD"]
[SourceTitle "CB50_2024"]
[SourceDate "2024.11.01"]
[SourceVersion "1"]
[SourceVersionDate "2024.11.01"]
[SourceQuality "2"]

1. e4 c5 2. d4 cxd4 3. c3 d3 4. Bxd3 g6 5. c4 Bg7 6. Nf3 Nc6 7. 0-0 d6 8. h3 Nf6 9. Nc3 0-0 10. Be3 Be6 11. Rc1 Nd7 12. b3 Nc5 13. Bb1 Rc8 14. Qe2 Re8 15. Rfd1 Qc7 16. Nd5 Qb8 17. Ng5 Bd7 18. Nf3 e6 19. Nc3 Red8 20. Nb5 Be8 21. Nxd6 Nxb3 22. axb3 Rxd6 23. h4 h6 24. h5 g5 25. e5 Rxd1+ 26. Rxd1 Nxe5 27. Nxe5 Qxe5 28. Qd3 b6 29. Qh7+ Kf8 30. Bd4 Rd8 31. Qxg7+ 1-0

[Event "EU-ch Blitz"]
[Site "Skopje"]
[Date "2024.12.09"]
[Round "6"]
[White "Motylev, Alexander"]
[Black "Reprintsev, Alexander"]
[Result "0-1"]
[WhiteElo "2596"]
[BlackElo "2230"]
[PlyCount "84"]
[EventDate "2024.12.09"]
[EventType "swiss (blitz)"]
[EventRounds "13"]
[EventCountry "MKD"]
[SourceTitle "CB50_2024"]
[SourceDate "2024.11.01"]
[SourceVersion "1"]
[SourceVersionDate "2024.11.01"]
[SourceQuality "2"]

1. e4 d5 2. exd5 Qxd5 3. Nc3 Qa5 4. d4 Nf6 5. Nf3 Nc6 6. Bd2 a6 7. h3 Bf5 8. Bc4 Qb6 9. Qe2 Nxd4 10. Nxd4 Qxd4 11. 0-0-0 e6 12. g4 Bg6 13. Be3 Qe5 14. f4 Qa5 15. f5 Bd6 16. Kb1 0-0-0 17. fxg6 hxg6 18. g5 Nd7 19. Ne4 Be5 20. Bb3 Rh4 21. Bf2 Rh5 22. h4 Rhh8 23. Rd3 Nb6 24. Nc5 Bd6 25. Ne4 Be5 26. Rhd1 Rxd3 27. Qxd3 Qb4 28. Bc5 Qa5 29. Bxb6 Qxb6 30. Qd7+ Kb8 31. Qxf7 Rxh4 32. Nc3 Bxc3 33. bxc3 e5 34. Qxg7 e4 35. Rd8+ Ka7 36. Qd4 c5 37. Qe5 Qxd8 38. Qxc5+ Qb6 39. Qe5 e3 40. Kb2 a5 41. Qf6 a4 42. Qxb6+ Kxb6 0-1

[Event "EU-ch Rapid"]
[Site "Skopje"]
[Date "2024.12.07"]
[Round "1"]
[White "Motylev, Alexander"]
[Black "Velickovski Nejkovic, Maja"]
[Result "1-0"]
[WhiteElo "2596"]
[BlackElo "1959"]
[PlyCount "65"]
[EventDate "2024.12.07"]
[EventType "swiss (rapid)"]
[EventRounds "11"]
[EventCountry "MKD"]
[SourceTitle "CB50_2024"]
[SourceDate "2024.11.01"]
[SourceVersion "1"]
[SourceVersionDate "2024.11.01"]
[SourceQuality "2"]

1. e4 d6 2. d4 Nf6 3. Nc3 Nbd7 4. g4 h6 5. h3 e5 6. Nge2 c6 7. a4 Qc7 8. Bg2 Be7 9. f4 0-0 10. 0-0 b6 11. d5 c5 12. g5 hxg5 13. fxg5 Nh7 14. h4 a6 15. Ng3 g6 16. Be3 Rb8 17. Nf5 Qd8 18. Qe2 b5 19. Nh6+ Kg7 20. axb5 axb5 21. Nxb5 Nb6 22. Na7 Bd7 23. Nc6 Bxc6 24. dxc6 Qc7 25. Rf3 Qxc6 26. Raf1 f6 27. h5 Nxg5 28. hxg6 Nxf3+ 29. Qxf3 Rh8 30. Nf5+ Kf8 31. g7+ Kf7 32. gxh8Q Rxh8 33. Nxe7 1-0

[Event "EU-ch Rapid"]
[Site "Skopje"]
[Date "2024.12.07"]
[Round "2"]
[White "Todorovic, Goran N"]
[Black "Motylev, Alexander"]
[Result "0-1"]
[WhiteElo "2256"]
[BlackElo "2596"]
[PlyCount "76"]
[EventDate "2024.12.07"]
[EventType "swiss (rapid)"]
[EventRounds "11"]
[EventCountry "MKD"]
[SourceTitle "CB50_2024"]
[SourceDate "2024.11.01"]
[SourceVersion "1"]
[SourceVersionDate "2024.11.01"]
[SourceQuality "2"]

1. Nf3 Nf6 2. c4 c6 3. g3 d5 4. Bg2 e6 5. b3 Bd6 6. Bb2 Nbd7 7. Nc3 0-0 8. 0-0 dxc4 9. bxc4 e5 10. d3 Re8 11. Qc2 Nc5 12. Nd2 Bf5 13. Ba3 e4 14. dxe4 Ncxe4 15. Ndxe4 Nxe4 16. Bxe4 Bxe4 17. Nxe4 Bxa3 18. Rfd1 Qe7 19. Nc3 Bc5 20. e3 h5 21. Na4 Bd6 22. Rab1 h4 23. Qf5 Rad8 24. Nc3 hxg3 25. hxg3 Bxg3 26. Rxd8 Rxd8 27. Ne4 Be5 28. Kg2 Re8 29. Rd1 g6 30. Qg4 Bg7 31. Ng5 Rd8 32. Rxd8+ Qxd8 33. Qf4 Qe8 34. Qc7 Bf6 35. Nf3 Qe4 36. Kg3 Be7 37. Nd4 Bh4+ 38. Kh3 Bxf2 0-1

[Event "EU-ch 24th"]
[Site "Petrovac"]
[Date "2024.11.19"]
[Round "11"]
[White "Motylev, Alexander"]
[Black "Santos Latasa, Jaime"]
[Result "1/2-1/2"]
[WhiteElo "2577"]
[BlackElo "2630"]
[PlyCount "38"]
[EventDate "2024.11.08"]
[EventType "swiss"]
[EventRounds "11"]
[EventCountry "MNE"]
[SourceTitle "CB47_2024"]
[SourceDate "2024.11.20"]
[SourceVersion "1"]
[SourceVersionDate "2024.11.20"]
[SourceQuality "1"]

1. e4 c5 2. Nf3 d6 3. Bb5+ Nd7 4. d4 cxd4 5. Qxd4 a6 6. Be2 Ngf6 7. 0-0 e5 8. Qe3 Ng4 9. Qd2 Ngf6 10. Qe3 Ng4 11. Qd2 Nc5 12. Nc3 Nf6 13. Qe3 Be7 14. Rd1 Bd7 15. a4 0-0 16. a5 Ng4 17. Qd2 Nf6 18. Qe3 Ng4 19. Qd2 Nf6 1/2-1/2

[Event "CRO-chT1A 32nd"]
[Site "Veli Losinj"]
[Date "2024.10.08"]
[Round "4.1"]
[White "Kryvoruchko, Yuriy"]
[Black "Motylev, Alexander"]
[Result "1/2-1/2"]
[WhiteElo "2643"]
[BlackElo "2582"]
[PlyCount "83"]
[EventDate "2024.10.05"]
[EventType "team-tourn"]
[EventRounds "9"]
[EventCountry "CRO"]
[SourceTitle "CB47_2024"]
[SourceDate "2024.11.20"]
[SourceVersion "1"]
[SourceVersionDate "2024.11.20"]
[SourceQuality "1"]
[WhiteTeam "Kastel Novi"]
[BlackTeam "Sesvete Agroproteinka"]
[WhiteTeamCountry "CRO"]
[BlackTeamCountry "CRO"]

1. d4 d5 2. Nf3 Nf6 3. Bf4 c5 4. e3 Nc6 5. Nbd2 e6 6. c3 cxd4 7. exd4 Nh5 8. Be3 Bd6 9. Bd3 Nf4 10. Bxf4 Bxf4 11. 0-0 0-0 12. Re1 Kh8 13. g3 Bh6 14. Qc2 f6 15. b4 a6 16. Nb3 g6 17. a4 a5 18. b5 Ne7 19. c4 dxc4 20. Bxc4 b6 21. Bxe6 Bb7 22. Nh4 f5 23. Rad1 Nd5 24. Nc5 Nb4 25. Qc4 Bc8 26. Nd3 Bxe6 27. Rxe6 Rc8 28. Qb3 Nc2 29. Nf3 Nxd4 30. Nxd4 Qxd4 31. Ne5 Qb4 32. Qxb4 axb4 33. Nc6 b3 34. Rb1 Ra8 35. Rxb3 Rxa4 36. Ne5 Re4 37. f3 Re1+ 38. Kf2 Ra1 39. f4 Ra2+ 40. Kf3 Rxh2 41. Rxb6 g5 42. fxg5 1/2-1/2

[Event "ROM-chT"]
[Site "Mamaia"]
[Date "2024.10.06"]
[Round "9.3"]
[White "Motylev, Alexander"]
[Black "Grigore, George Gabriel"]
[Result "1/2-1/2"]
[WhiteElo "2582"]
[BlackElo "2414"]
[PlyCount "67"]
[EventDate "2024.09.28"]
[EventType "team-tourn"]
[EventRounds "9"]
[EventCountry "ROU"]
[SourceTitle "EXT 2025"]
[Source "ChessBase"]
[SourceDate "2024.10.14"]
[SourceVersion "1"]
[SourceVersionDate "2024.10.14"]
[SourceQuality "1"]
[WhiteTeam "Bucuresti ASE"]
[BlackTeam "Baia Mare Municipiului"]
[WhiteTeamCountry "ROU"]
[BlackTeamCountry "ROU"]

1. e4 c5 2. Nf3 Nc6 3. Bb5 g6 4. Bxc6 dxc6 5. d3 Bg4 6. Nbd2 Bg7 7. h3 Bxf3 8. Nxf3 Nf6 9. Qe2 Nd7 10. 0-0 e5 11. Be3 0-0 12. c3 Qe7 13. Rfe1 Rfe8 14. Bg5 Bf6 15. Bd2 Nf8 16. b4 cxb4 17. cxb4 Rad8 18. Rab1 Ne6 19. Be3 a6 20. a4 Qd6 21. Rb3 b5 22. Ra1 Bg7 23. Qc2 Rc8 24. Rc3 Red8 25. Rc1 Qxb4 26. axb5 axb5 27. Rxc6 Rxc6 28. Qxc6 h6 29. Qb7 Qb3 30. Bb6 Rf8 31. Qd5 Qb2 32. Be3 Rd8 33. Qb7 Qb3 34. Bb6 1/2-1/2

[Event "ROM-chT"]
[Site "Mamaia"]
[Date "2024.10.04"]
[Round "7.3"]
[White "Ghimpu, Samuel Timotei"]
[Black "Motylev, Alexander"]
[Result "1/2-1/2"]
[WhiteElo "2456"]
[BlackElo "2582"]
[PlyCount "46"]
[EventDate "2024.09.28"]
[EventType "team-tourn"]
[EventRounds "9"]
[EventCountry "ROU"]
[SourceTitle "EXT 2025"]
[Source "ChessBase"]
[SourceDate "2024.10.14"]
[SourceVersion "1"]
[SourceVersionDate "2024.10.14"]
[SourceQuality "1"]
[WhiteTeam "Galati Smart"]
[BlackTeam "Bucuresti ASE"]
[WhiteTeamCountry "ROU"]
[BlackTeamCountry "ROU"]

1. e4 c5 2. Nf3 d6 3. d4 cxd4 4. Nxd4 Nf6 5. Nc3 a6 6. a4 e5 7. Nf3 h6 8. Nd2 d5 9. exd5 Nxd5 10. Bc4 Nxc3 11. bxc3 Be7 12. Qh5 0-0 13. Ne4 Qd7 14. Bxh6 Qf5 15. Qxf5 Bxf5 16. Bg5 Bxe4 17. Bxe7 Rc8 18. Bd3 Bxd3 19. cxd3 Rxc3 20. Kd2 Rc7 21. Bd6 Rd7 22. Bxe5 Nc6 23. Bc3 Rad8 1/2-1/2

[Event "Budapest Kallai Memorial Rapid 2nd"]
[Site "Budapest"]
[Date "2024.08.18"]
[Round "8"]
[White "Beliavsky, Alexander G"]
[Black "Motylev, Alexander"]
[Result "1/2-1/2"]
[WhiteElo "2584"]
[BlackElo "2626"]
[PlyCount "48"]
[EventDate "2024.08.15"]
[EventType "tourn"]
[EventRounds "9"]
[EventCountry "HUN"]
[EventCategory "11"]
[SourceTitle "CBM 221 Extra"]
[Source "ChessBase"]
[SourceDate "2024.09.30"]
[SourceVersion "1"]
[SourceVersionDate "2024.09.30"]
[SourceQuality "1"]

1. d4 d5 2. c4 e6 3. Nf3 Nf6 4. Nc3 c6 5. Bg5 h6 6. Bxf6 Qxf6 7. e3 g6 8. Bd3 dxc4 9. Bxc4 Nd7 10. 0-0 Bg7 11. e4 e5 12. d5 Nb6 13. Bb3 Bg4 14. Rc1 0-0 15. h3 Bxf3 16. Qxf3 Qxf3 17. gxf3 Rac8 18. dxc6 bxc6 19. Rfd1 Rfd8 20. Rxd8+ Rxd8 21. Na4 Rd6 22. Kf1 Bf6 23. Rd1 Rxd1+ 24. Bxd1 Nxa4 1/2-1/2

[Event "Budapest Kallai Memorial Rapid 2nd"]
[Site "Budapest"]
[Date "2024.08.16"]
[Round "3"]
[White "Kantor, Gergely"]
[Black "Motylev, Alexander"]
[Result "0-1"]
[WhiteElo "2498"]
[BlackElo "2626"]
[PlyCount "64"]
[EventDate "2024.08.15"]
[EventType "tourn"]
[EventRounds "9"]
[EventCountry "HUN"]
[EventCategory "11"]
[SourceTitle "CBM 221 Extra"]
[Source "ChessBase"]
[SourceDate "2024.09.30"]
[SourceVersion "1"]
[SourceVersionDate "2024.09.30"]
[SourceQuality "1"]

1. e4 c6 2. d4 d5 3. e5 Bf5 4. h4 h6 5. g4 Be4 6. f3 Bh7 7. e6 c5 8. Nc3 Nc6 9. dxc5 fxe6 10. Bd3 Nf6 11. Nh3 Qa5 12. g5 d4 13. gxf6 dxc3 14. b4 Nxb4 15. Bxh7 Rxh7 16. f7+ Kxf7 17. Qe2 Qa4 18. Nf4 Nxc2+ 19. Kf2 e5 20. Qxe5 Qd4+ 21. Qxd4 Nxd4 22. Be3 e5 23. Nd3 Ke6 24. Rac1 Nf5 25. Rxc3 Be7 26. Rc4 Rd8 27. Nb4 g6 28. h5 gxh5 29. Rxh5 Nxe3 30. Kxe3 Bg5+ 31. Ke4 Rhd7 32. Nc2 Rf7 0-1

[Event "Budapest Kallai Memorial Rapid 2nd"]
[Site "Budapest"]
[Date "2024.08.15"]
[Round "1"]
[White "Bjerre, Jonas Buhl"]
[Black "Motylev, Alexander"]
[Result "0-1"]
[WhiteElo "2521"]
[BlackElo "2626"]
[PlyCount "70"]
[EventDate "2024.08.15"]
[EventType "tourn"]
[EventRounds "9"]
[EventCountry "HUN"]
[EventCategory "11"]
[SourceTitle "CBM 221 Extra"]
[Source "ChessBase"]
[SourceDate "2024.09.30"]
[SourceVersion "1"]
[SourceVersionDate "2024.09.30"]
[SourceQuality "1"]

1. e4 c6 2. d4 d5 3. exd5 cxd5 4. c3 Nc6 5. Nf3 Nf6 6. Bd3 Bg4 7. h3 Bxf3 8. Qxf3 e6 9. 0-0 Bd6 10. Nd2 0-0 11. Qd1 h6 12. Re1 Re8 13. Nf3 Qc7 14. a4 a6 15. Be3 Ne4 16. Qb1 f5 17. c4 Bb4 18. Re2 Rad8 19. Qc2 Bd6 20. Rc1 Qf7 21. Bd2 Nxd2 22. Qxd2 dxc4 23. Bxc4 Kh8 24. Qe3 Qc7 25. Rce1 Bb4 26. Rd1 e5 27. Bb3 e4 28. Nh4 Qd7 29. d5 Ne5 30. d6 Bxd6 31. Red2 Nd3 32. Bc4 Bb4 33. Rxd3 exd3 34. Qf4 d2 35. Bb3 Re1+ 0-1